[Event "Olympiad-33"]
[Site "Elista"]
[Date "1998.10.12"]
[Round "13.2"]
[White "Ismail, Abdullah Ahmed"]
[Black "Maje, Abdul"]
[Result "1-0"]
[WhiteElo "2040"]
[BlackElo "2255"]
[PlyCount "117"]
[EventDate "1998.09.29"]
[EventType "team-swiss"]
[EventRounds "13"]
[EventCountry "RUS"]
[SourceTitle "CBM 068"]
[Source "ChessBase"]
[SourceDate "1999.02.01"]
[SourceVersion "1"]
[SourceVersionDate "1999.02.01"]
[SourceQuality "1"]
[WhiteTeam "Malaysia"]
[BlackTeam "United Arab Emirates"]
[WhiteTeamCountry "MAS"]
[BlackTeamCountry "UAE"]

1. d4 Nf6 2. Nf3 d6 3. Bg5 Nbd7 4. Nbd2 e5 5. e4 Be7 6. Bc4 0-0 7. 0-0 c6 8. a4 Re8 9. c3 Qc7 10. Bh4 Nf8 11. Bg3 Ng6 12. Qb3 Bf8 13. dxe5 dxe5 14. Rfe1 h6 15. Nh4 Nxh4 16. Bxh4 Nh5 17. Nf1 Nf4 18. Ne3 Be6 19. Rad1 Be7 20. Bg3 Bc5 21. Bxe6 Rxe6 22. Nf5 b6 23. Qc4 a5 24. Rd2 Ree8 25. Red1 Red8 26. Bxf4 exf4 27. Qe2 Kh7 28. Qg4 Bf8 29. Nd4 g6 30. h4 h5 31. Qe2 Be7 32. Rd3 c5 33. Nb5 Qe5 34. Rd5 Rxd5 35. Rxd5 Qf6 36. e5 Qf5 37. Nd6 Bxd6 38. Rxd6 Re8 39. Rd5 Kg7 40. c4 Kh7 41. Kf1 Re6 42. Kg1 f6 43. Rd7+ Kh6 44. Qf3 Rxe5 45. Qb7 g5 46. Rd8 Qh7 47. Qc8 Qb1+ 48. Kh2 Re1 49. Rh8+ Kg6 50. Rg8+ Kh7 51. Rh8+ Kg6 52. Qg8+ Kf5 53. Qh7+ Ke5 54. Re8+ Kd4 55. Qd7+ Kxc4 56. Qb5+ Kd4 57. Rd8+ Ke5 58. Qe8+ Kf5 59. Qd7+ 1-0

[Event "Olympiad-33"]
[Site "Elista"]
[Date "1998.10.11"]
[Round "12.2"]
[White "Maje, Abdul"]
[Black "Tu, Hoang Thong"]
[Result "1/2-1/2"]
[WhiteElo "2255"]
[BlackElo "2480"]
[PlyCount "93"]
[EventDate "1998.09.29"]
[EventType "team-swiss"]
[EventRounds "13"]
[EventCountry "RUS"]
[SourceTitle "CBM 068"]
[Source "ChessBase"]
[SourceDate "1999.02.01"]
[SourceVersion "1"]
[SourceVersionDate "1999.02.01"]
[SourceQuality "1"]
[WhiteTeam "United Arab Emirates"]
[BlackTeam "Vietnam"]
[WhiteTeamCountry "UAE"]
[BlackTeamCountry "VIE"]

1. e4 c5 2. d3 e6 3. g3 d5 4. Nd2 g6 5. Bg2 Bg7 6. Ngf3 Nc6 7. 0-0 Nge7 8. Re1 b6 9. c3 0-0 10. e5 Qc7 11. Qe2 g5 12. Nxg5 Qxe5 13. Nde4 Ng6 14. f4 Qc7 15. Nf2 h6 16. Nf3 f5 17. Be3 Ba6 18. Qd1 Na5 19. Rc1 Qd6 20. Qa4 Bb7 21. b4 cxb4 22. cxb4 Nc6 23. b5 Na5 24. Bd4 Rfc8 25. Rxc8+ Bxc8 26. Bxg7 Kxg7 27. Nd4 Bd7 28. Rc1 a6 29. Qc2 Rc8 30. Qb2 Rxc1+ 31. Qxc1 axb5 32. Nxb5 Bxb5 33. Qb2+ Kf7 34. Qxb5 Qc6 35. Qb2 Qc5 36. Bf3 Nc6 37. Kg2 Nd4 38. Bh5 Kf6 39. Nd1 Qc2+ 40. Qxc2 Nxc2 41. Bxg6 Kxg6 42. Nb2 b5 43. Kf2 b4 44. Na4 Kf6 45. Nc5 Ke7 46. Nb3 Kd6 47. d4 1/2-1/2

[Event "Olympiad-33"]
[Site "Elista"]
[Date "1998.10.03"]
[Round "5.2"]
[White "Odeev, Handszar"]
[Black "Maje, Abdul"]
[Result "1-0"]
[WhiteElo "2420"]
[BlackElo "2255"]
[PlyCount "43"]
[EventDate "1998.09.29"]
[EventType "team-swiss"]
[EventRounds "13"]
[EventCountry "RUS"]
[SourceTitle "CBM 068"]
[Source "ChessBase"]
[SourceDate "1999.02.01"]
[SourceVersion "1"]
[SourceVersionDate "1999.02.01"]
[SourceQuality "1"]
[WhiteTeam "Turkmenistan"]
[BlackTeam "United Arab Emirates"]
[WhiteTeamCountry "TKM"]
[BlackTeamCountry "UAE"]

1. e4 d6 2. d4 Nf6 3. Nc3 Nbd7 4. g4 e5 5. g5 exd4 6. Qxd4 Ng8 7. Be3 h6 8. Nf3 c6 9. 0-0-0 Qb6 10. Qd2 Qa5 11. Kb1 Be7 12. Rg1 Ne5 13. Nxe5 dxe5 14. gxh6 Nxh6 15. Rxg7 Bg4 16. Re1 Rd8 17. Bd3 Bf8 18. Bxh6 Bxg7 19. Bxg7 Rxh2 20. Bf6 Rd6 21. Qg5 Be6 22. Qxe5 1-0

[Event "Olympiad-33"]
[Site "Elista"]
[Date "1998.10.01"]
[Round "3.2"]
[White "Adebayo, Adegboyega"]
[Black "Maje, Abdul"]
[Result "1/2-1/2"]
[WhiteElo "2195"]
[BlackElo "2255"]
[PlyCount "109"]
[EventDate "1998.09.29"]
[EventType "team-swiss"]
[EventRounds "13"]
[EventCountry "RUS"]
[SourceTitle "CBM 068"]
[Source "ChessBase"]
[SourceDate "1999.02.01"]
[SourceVersion "1"]
[SourceVersionDate "1999.02.01"]
[SourceQuality "1"]
[WhiteTeam "Nigeria"]
[BlackTeam "United Arab Emirates"]
[WhiteTeamCountry "NGR"]
[BlackTeamCountry "UAE"]

1. d4 d6 2. e4 Nf6 3. Nc3 Nbd7 4. f4 e5 5. Nf3 exd4 6. Qxd4 c6 7. a4 d5 8. e5 Bc5 9. Qd1 Ng4 10. Nd4 Ngxe5 11. Nb3 Ng6 12. Nxc5 Nxc5 13. Be2 0-0 14. 0-0 f5 15. Be3 Qe7 16. Bd4 Ne4 17. Bh5 Be6 18. Bxg6 hxg6 19. Be5 Rad8 20. Qe1 Rfe8 21. a5 g5 22. Nxe4 dxe4 23. Qc3 Rd5 24. Bd4 c5 25. Be3 gxf4 26. Bxf4 Red8 27. Qg3 R8d7 28. Rae1 Qd8 29. h4 Bf7 30. Be5 Be6 31. Bc3 Qe8 32. Qg5 Qe7 33. Qf4 Qd6 34. Qe3 Bf7 35. Qh3 Qg6 36. Re3 Be6 37. Rf4 Qh6 38. Qg3 Rd1+ 39. Kh2 Kh7 40. Re1 Rxe1 41. Bxe1 g5 42. Qxg5 Qxg5 43. hxg5 Kg6 44. Bf2 Rd2 45. Be3 Re2 46. Bxc5 Rxc2 47. Be3 Re2 48. Bxa7 Kxg5 49. Rf2 Rxf2 50. Bxf2 f4 51. g3 e3 52. gxf4+ Kxf4 53. Be1 Kf3 54. Kg1 Ke2 55. Bc3 1/2-1/2